Geremia, Lamentazioni / (Record n. 357814)

Dettagli MARC
000 -LEADER
fixed length control field 01728nam a2200385 a 4500
001 - CONTROL NUMBER
control field 000000431652
003 - CONTROL NUMBER IDENTIFIER
control field CaOOAMICUS
005 - DATE AND TIME OF LATEST TRANSACTION
control field 20180504145740.0
008 - FIXED-LENGTH DATA ELEMENTS--GENERAL INFORMATION
fixed length control field 180212s2017 it 001 0 ita d
020 ## - INTERNATIONAL STANDARD BOOK NUMBER
International Standard Book Number 9788831193979
040 ## - CATALOGING SOURCE
Original cataloging agency IT-MiSPE
Language of cataloging ita
Modifying agency ml
Transcribing agency IT-MiSPE
084 ## - OTHER CLASSIFICATION NUMBER
Classification number 12 L
130 0# - MAIN ENTRY--UNIFORM TITLE
Uniform title Biblia.
Name of part/section of a work V.T.
-- Ieremias.
Language of a work Italiano.
9 (RLIN) 56896
245 10 - TITLE STATEMENT
Title Geremia, Lamentazioni /
Statement of responsibility, etc. a cura di Dean O. Wenthe ; edizione italiana a cura di Sever J. Voicu ; introduzione generale di Angelo Di Bernardino.
260 ## - PUBLICATION, DISTRIBUTION, ETC. (IMPRINT)
Place of publication, distribution, etc. Roma :
Name of publisher, distributor, etc. Città Nuova,
Date of publication, distribution, etc. ©2017.
300 ## - PHYSICAL DESCRIPTION
Extent 495 p. ;
Dimensions 25 cm
490 1# - SERIES STATEMENT
Series statement La Bibbia commentata dai Padri.
-- Antico Testamento ;
Volume/sequential designation 011
500 ## - GENERAL NOTE
General note Tit. orig.: Jeremiah, Lamentations
500 ## - GENERAL NOTE
General note Testo su due colonne
504 ## - BIBLIOGRAPHY, ETC. NOTE
Bibliography, etc Contiene riferimenti bibliografici e indici
630 04 - SUBJECT ADDED ENTRY--UNIFORM TITLE
Uniform title Biblia.
Name of part/section of a work V.T.
-- Ieremias
General subdivision Commenti italiano.
9 (RLIN) 56897
630 04 - SUBJECT ADDED ENTRY--UNIFORM TITLE
Uniform title Biblia.
Name of part/section of a work V.T.
-- Lamentationes
General subdivision Commenti italiano.
9 (RLIN) 56898
655 #7 - INDEX TERM--GENRE/FORM
Genre/form data or focus term Sacra Scrittura. Studi sul Vecchio Testamento
General subdivision Profeti maggiori.
Source of term local
9 (RLIN) 56786
700 1# - ADDED ENTRY--PERSONAL NAME
Personal name Di Berardino, Angelo,
Titles and other words associated with a name o.s.a.,
Dates associated with a name 1930-,
Relator term autore di introduzione.
9 (RLIN) 56899
700 1# - ADDED ENTRY--PERSONAL NAME
Personal name Voicu, Sever J.,
Dates associated with a name 1945-,
Relator term curatore.
9 (RLIN) 56900
700 1# - ADDED ENTRY--PERSONAL NAME
Personal name Wenthe, Dean O.,
Relator term curatore.
9 (RLIN) 56901
730 02 - ADDED ENTRY--UNIFORM TITLE
Uniform title Biblia.
Name of part/section of a work V.T.
-- Lamentationes.
Language of a work Italiano.
9 (RLIN) 56902
730 02 - ADDED ENTRY--UNIFORM TITLE
Uniform title Jeremiah, Lamentations.
Language of a work Italiano.
9 (RLIN) 56903
740 02 - ADDED ENTRY--UNCONTROLLED RELATED/ANALYTICAL TITLE
Uncontrolled related/analytical title Lamentazioni.
765 0# - ORIGINAL LANGUAGE ENTRY
Title Biblia.
Place, publisher, and date of publication Downers Grove (IL) : InterVarsity Press, ©2009.
Series data for related item Ancient Christian commentary on Scripture. Old Testament
International Standard Book Number 978-0-8308-1482-4
Record control number ()370663
830 #3 - SERIES ADDED ENTRY--UNIFORM TITLE
Uniform title La Bibbia commentata dai Padri.
Name of part/section of a work Antico Testamento ;
Volume number/sequential designation 011.
9 (RLIN) 56904
942 ## - ADDED ENTRY ELEMENTS (KOHA)
Source of classification or shelving scheme Dewey Decimal Classification
Koha item type LIBRO
Dati di copia
Withdrawn status Lost status Source of classification or shelving scheme Damaged status Not for loan Home library Current library Date acquired Total Checkouts Full call number Barcode Date last seen Price effective from Koha item type
    Dewey Decimal Classification Buone Condizioni Not For Loan CINISELLO CINISELLO 04/05/2018   220.66-BIB co pa (23102) 9788831193979 04/05/2018 04/05/2018 LIBRO
CREDITS: SOCIETA' SAN PAOLO Via A.Severo, 58 - ROMA (RM) & PERIODICI SAN PAOLO SRL Via Giotto, 36 MILANO & CISF Via Giotto, 36 MILANO & EDIZIONI SAN PAOLO SRL,  Piazza Soncino, 5 CINISELLO BALSAMO (MI) -- ITALY